<?xml version="1.0" encoding="UTF-8"?>
<marc:record xmlns:marc="http://www.loc.gov/MARC21/slim">
   <marc:leader>00000nam a2200000 a 4500</marc:leader>
   <marc:datafield ind1="0" ind2="0" tag="245">
      <marc:subfield code="a">GEO Epoche 2025 / 132</marc:subfield>
   </marc:datafield>
   <marc:datafield ind1="0" ind2="0" tag="245">
      <marc:subfield code="b">Türkei ; die Geschichte der Republik</marc:subfield>
   </marc:datafield>
   <marc:datafield ind1="0" ind2="0" tag="245">
      <marc:subfield code="c">Jens (Red.) Schröder</marc:subfield>
   </marc:datafield>
   <marc:datafield ind1=" " ind2="1" tag="264">
      <marc:subfield code="a">Hamburg</marc:subfield>
      <marc:subfield code="b">Gruner &amp; Jahr</marc:subfield>
      <marc:subfield code="c">2025</marc:subfield>
   </marc:datafield>
   <marc:datafield ind1=" " ind2=" " tag="250">
      <marc:subfield code="a">2025 / 132</marc:subfield>
   </marc:datafield>
   <marc:datafield ind1="1" ind2=" " tag="520">
      <marc:subfield code="a">Von der Verlagsseite: #Türkei - Die Geschichte der Republik##Bildessay - Die Stadt der zwei Geschwindigkeiten#Osmanisches Reich - Tod eines Riesen#Halide Edip Adivar - Die Mutter der Türken#Mustafa Kemal 'Atatürk' - Der Übervater#Nazim Hikmet - Verse für die Freiheit#Putsch - Das Ende eines Aufbruchs#Bildessay - Ein Land, viele Welten#Zypern - Invasion im Mittelmeer#Kenan Evren - Das Regime des Generals#Kurdenfrage - Volk unter Beschuss#Interview - 'Die Türkei ist ein zutiefst gespaltenes Land'</marc:subfield>
   </marc:datafield>
   <marc:datafield ind1=" " ind2=" " tag="022">
      <marc:subfield code="a">4197406918506</marc:subfield>
   </marc:datafield>
   <marc:datafield ind1=" " ind2=" " tag="041">
      <marc:subfield code="a">ger</marc:subfield>
   </marc:datafield>
   <marc:datafield ind1=" " ind2=" " tag="542">
      <marc:subfield code="d">Schaefer, Jürgen</marc:subfield>
   </marc:datafield>
</marc:record>
